Anuario de la División Geografía 2000-2001

Detalles Bibliográficos
Autor Corporativo: Universidad Nacional de Luján
Formato: Libro
Publicado: Luján : Universidad Nacional de Luján, 2001.
Materias:
Etiquetas: Agregar Etiqueta
Sin Etiquetas, Sea el primero en etiquetar este registro!

MARC

LEADER 00000nam a22000004a 4500
001 AR-BbUGT3991
003 AR-BbUGT
005 20181220001827.0
007 ta
008 061101t2001 |||a |0|||0| d
020 |a 987-9285-15-8 
040 |a AR-BbUGT  |b spa  |c AR-BbUGT 
082 0 4 |a 910 
110 2 |a Universidad Nacional de Luján 
245 1 0 |a Anuario de la División Geografía 2000-2001 
260 |a Luján :   |b Universidad Nacional de Luján,   |c 2001. 
300 |a 418 p. :   |b il. 
653 |a Fronteras Coloniales 
653 |a Indigenas 
653 |a Villas Miseria 
653 |a Organización Espacial 
653 |a Regiones Geograficas Argentinas 
653 |a Censos Agropecuarios 
653 |a Impacto Ambiental 
653 |a Medio Ambiente 
653 |a Gestion Ambiental 
653 |a Region Pampeana 
942 |c BK  |h 910  |i UN3 2000/01  |2 ddc  |6 910_000000000000000_UN3_2000_01 
999 |c 11304  |d 11304